Central Library OPAC University of Rajshahi

Essentials of modern chemistry / (Record no. 9330)

MARC details
000 -LEADER
fixed length control field 00714cam a2200253 i 4500
001 - CONTROL NUMBER
control field 9330
003 - CONTROL NUMBER IDENTIFIER
rucl marc code BD-RjUL
005 - DATE AND TIME OF LATEST TRANSACTION
control field 20211208234747.0
008 - FIXED-LENGTH DATA ELEMENTS--GENERAL INFORMATION
fixed length control field 140120s1975 caua b 001 0 eng
020 ## - INTERNATIONAL STANDARD BOOK NUMBER
International Standard Book Number 0030856949 :
035 ## - SYSTEM CONTROL NUMBER
System control number (BD-RjUL)9375
040 ## - CATALOGING SOURCE
Original cataloging agency DLC
Transcribing agency DLC
Modifying agency DLC
-- BD-RjUL
Language of cataloging eng
041 ## - LANGUAGE CODE
Language code of text/sound track or separate title eng
082 00 - DEWEY DECIMAL CLASSIFICATION NUMBER
Classification number 540
Author mark and year EAE 1975
100 1# - MAIN ENTRY--PERSONAL NAME
Personal name Eastman, Richard H.,
Dates associated with a name 1918-
9 (RLIN) 28937
245 10 - TITLE STATEMENT
Title Essentials of modern chemistry /
Statement of responsibility, etc. Richard H. Eastman.
260 ## - PUBLICATION, DISTRIBUTION, ETC. (IMPRINT)
Place of publication, distribution, etc. San Francisco :
Name of publisher, distributor, etc. Rinehart Press,
Date of publication, distribution, etc. [1975]
300 ## - PHYSICAL DESCRIPTION
Pagination xii, 713 p. :
Illustrations ill. ;
Size 25 cm.
504 ## - BIBLIOGRAPHY, ETC. NOTE
Bibliography, etc Includes bibliographies and index.
650 #0 - SUBJECT ADDED ENTRY--TOPICAL TERM
Topical term or geographic name as entry element Chemistry.
9 (RLIN) 28938
942 ## - ADDED ENTRY ELEMENTS (KOHA)
Source of classification or shelving scheme Dewey Decimal Classification
Koha item type Books
Holdings
Lost status Source of classification or shelving scheme Damaged status Not for loan Permanent Location Current Location Shelving location Date acquired Source of acquisition Total Checkouts Full call number Date last seen Copy number Koha item type
  Dewey Decimal Classification     Central Library, University of Rajshahi Central Library, University of Rajshahi Reading Room 20/10/1990 canada   540 EAE 1975 20/01/2014 C-1 Books